ბათუმის შოთა რუსთაველის სახელმწიფო უნივერსიტეტის ბიბლიოთეკა

ჩვენი საუნჯე:ქართული მწერლობა ოც ტომად. ტ.16 შიო არაგვისპირელი, ბაჩანა, დუტუ მეგრელი, ანასტასია ერისთავ-ხოშტარია, თედო რაზიკაშვილი (ბიბ.ჩანაწერი № 48360)

000 -LEADER
fixed length control field 01175nam a2200217Ia 4500
001 - CONTROL NUMBER
control field 15248
003 - CONTROL NUMBER IDENTIFIER
control field GE_BSU
008 - FIXED-LENGTH DATA ELEMENTS--GENERAL INFORMATION
fixed length control field 181216s||||||||xx |||||||||||||| ||und||
040 ## - CATALOGING SOURCE
Transcribing agency GE_BSU
080 ## - UNIVERSAL DECIMAL CLASSIFICATION NUMBER
Universal Decimal Classification number 821.353.1
245 ## - TITLE STATEMENT
Title ჩვენი საუნჯე:ქართული მწერლობა ოც ტომად. ტ.16 შიო არაგვისპირელი, ბაჩანა, დუტუ მეგრელი, ანასტასია ერისთავ-ხოშტარია, თედო რაზიკაშვილი
245 ## - TITLE STATEMENT
Statement of responsibility, etc. რედ.ი.გრიშაშვილი. მხატვ.ლ.გრიგოლია
260 ## - PUBLICATION, DISTRIBUTION, ETC.
Place of publication, distribution, etc. თბილისი
260 ## - PUBLICATION, DISTRIBUTION, ETC.
Name of publisher, distributor, etc. ნაკადული
260 ## - PUBLICATION, DISTRIBUTION, ETC.
Date of publication, distribution, etc. 1961
300 ## - PHYSICAL DESCRIPTION
Extent 576გვ.23სმ.
653 ## - INDEX TERM--UNCONTROLLED
Uncontrolled term ქართული მწერლობა
653 ## - INDEX TERM--UNCONTROLLED
Uncontrolled term შიო არაგვისპირელი, ბაჩანა, დუტუ მეგრელი, ანასტასია ერისთავ-ხოშტარია, თედო რაზიკაშვილი
653 ## - INDEX TERM--UNCONTROLLED
Uncontrolled term ჩვენი საუნჯე
942 ## - ADDED ENTRY ELEMENTS (KOHA)
Koha item type წიგნი
ეგზემპლარები
Withdrawn status Lost status Damaged status Not for loan Date acquired Barcode Date last seen Price effective from Koha item type
        2018-12-17 38361 2018-12-17 2018-12-17 წიგნი